000
00213 a2200097 4500
001
46401
100
_a
Winterbotham, H
245
_a
A key to maps
260
_a
London
_b
Blackie and Sons
_c
090
_c
29520
_d
29520
942
_a
NUST-CAE
_c
M
_c
21692
999
_c
281474
_d
281474